000
00315nam a22001337a 4500
082
_a
658.3
100
_a
Decenzo, David A.
245
_a
Fundamental of Human Resource Management
250
_a
8th ed.
260
_a
New Delhi :
_b
Wiley,
_c
2008.
300
_a
425 p. ;
_b
23 cm.
500
_a
Paperback.
942
_c
BK
999
_c
34131
_d
34131